000
00289nam a22001337a 4500
008
181011b xxu||||| |||| 00| 0 eng d
020
_a
1556640323
041
_a
eng
080
_2
6th
_a
612.39
100
_a
10
101
_a
NUT
245
_a
Diet Manual
_c
Pemberton,C.M
942
_2
udc
_c
BK
999
_c
49417
_d
49417